<?xml version="1.0" encoding="UTF-8"?>
<collection xmlns="http://www.loc.gov/MARC21/slim">
 <record>
  <leader>01291ppm a22003378a 4500</leader>
  <controlfield tag="001">00032425</controlfield>
  <controlfield tag="005">20171026081025.0</controlfield>
  <controlfield tag="008">140903s2013                  ||||||viesd</controlfield>
  <datafield tag="041" ind1="0" ind2="#">
   <subfield code="a">vie</subfield>
  </datafield>
  <datafield tag="082" ind1="1" ind2="4">
   <subfield code="b">X126D</subfield>
   <subfield code="a">635</subfield>
  </datafield>
  <datafield tag="100" ind1="1" ind2="#">
   <subfield code="a">Võ, Thị Phượng</subfield>
   <subfield code="e">Chủ nhiệm đề tài</subfield>
  </datafield>
  <datafield tag="245" ind1="1" ind2="0">
   <subfield code="b">Báo cáo tổng kết đề tài nghiên cứu khoa học và công nghệ cấp cơ sở. Mã số CS2012.01.34</subfield>
   <subfield code="c">Võ Thị Phượng (chủ nhiệm đề tài)</subfield>
   <subfield code="a">Xây dựng quy trình tối ưu về trồng rau mầm cải sạch</subfield>
  </datafield>
  <datafield tag="260" ind1="#" ind2="#">
   <subfield code="b">Trường Đại học Đồng Tháp</subfield>
   <subfield code="c">2013</subfield>
   <subfield code="a">Đồng Tháp</subfield>
  </datafield>
  <datafield tag="300" ind1="#" ind2="#">
   <subfield code="a">50 tr. +phụ lục</subfield>
   <subfield code="c">27 cm.</subfield>
   <subfield code="e">1 bản tóm tắt +1 CD</subfield>
  </datafield>
  <datafield tag="500" ind1="#" ind2="#">
   <subfield code="a">ĐTTS ghi: Bộ Giáo dục và Đào tạo. Trường Đại học Đồng Tháp</subfield>
  </datafield>
  <datafield tag="653" ind1="#" ind2="#">
   <subfield code="a">Bệnh hại</subfield>
  </datafield>
  <datafield tag="653" ind1="#" ind2="#">
   <subfield code="a">Đặc điểm</subfield>
  </datafield>
  <datafield tag="653" ind1="#" ind2="#">
   <subfield code="a">Trồng trọt</subfield>
  </datafield>
  <datafield tag="653" ind1="#" ind2="#">
   <subfield code="a">Rau mảm</subfield>
  </datafield>
  <datafield tag="653" ind1="#" ind2="#">
   <subfield code="a">Quy trình</subfield>
  </datafield>
  <datafield tag="852" ind1="#" ind2="#">
   <subfield code="j">KH.0000004</subfield>
  </datafield>
  <datafield tag="852" ind1="#" ind2="#">
   <subfield code="b">Kho đọc SĐH</subfield>
   <subfield code="j">KH.0000004</subfield>
  </datafield>
  <datafield tag="852" ind1="#" ind2="#">
   <subfield code="b">Kho đọc</subfield>
   <subfield code="j">KH.0000004</subfield>
  </datafield>
  <datafield tag="910" ind1="#" ind2="#">
   <subfield code="d">03/09/2014</subfield>
  </datafield>
  <datafield tag="980" ind1="#" ind2="#">
   <subfield code="a">Trung tâm Học liệu Lê Vũ Hùng, Trường Đại học Đồng Tháp</subfield>
  </datafield>
 </record>
</collection>
